K problematike kvalitatívnych zmien vo sfére medzinárodného obchodu vo vybraných socialistických a kapitalistických štátoch a ich vplyv na sféru vonkajších ekonomických vzťahov ČSSR čiastková úloha ŠPEV 907-108-101

Gespeichert in:
Bibliographische Detailangaben
Format: Buch
Sprache:Slowakisch
Veröffentlicht: Bratislava Vysoká škola ekonomická 1982
Tags: Tag hinzufügen
Keine Tags, Fügen Sie das erste Tag hinzu!

MARC

LEADER 00000nam a2200000 4500
001 c134768
005 20250708101207.8
041 0 |a slo 
044 |a SK 
245 1 0 |a K problematike kvalitatívnych zmien vo sfére medzinárodného obchodu vo vybraných socialistických a kapitalistických štátoch a ich vplyv na sféru vonkajších ekonomických vzťahov ČSSR  |b čiastková úloha ŠPEV 907-108-101 
264 1 |a Bratislava  |b Vysoká škola ekonomická  |c 1982 
300 |a 68 s.